Yüklüyor......

Perspectives in operations management

Detaylı Bibliyografya
Yazar: Donnelly, James H
Diğer Yazarlar: Gibson, James L, Ivancevich, John M
Materyal Türü: Printed Book
Dil:Undetermined
Baskı/Yayın Bilgisi: New Delhi Universal Book Stall 1987
LEADER 00603nam a2200169Ia 4500
008 161229s9999 xx 000 0 und d
020 |a 8185274304 
082 |a 658 DON/PE 
100 |a Donnelly, James H 
245 |a Perspectives in operations management 
260 |b Universal Book Stall  |a New Delhi  |c 1987 
300 |a xi, 367 
700 |a Gibson, James L 
700 |a Ivancevich, John M 
942 |c BK 
999 |c 153815  |d 153815 
952 |0 0  |1 0  |4 0  |6 658_000000000000000_DONPE  |7 0  |9 152886  |a KAUCLV  |b KAUCLV  |d 2016-12-29  |o 658 DON/PE  |p 905124  |r 2016-12-29  |w 2016-12-29  |y BK  |z Book transferred from CCBM Library ,Acc.No:4848